01282nam a2200265Ia 4500001000600000003000900006008004100015040001300056040001300069041001300082100002100095100002900116240002900145240003500174245002900209245002900238250001100267260000900278260001200287260004900299300005700348500054800405650003200953650003100985B6137IT-RoPAU130308s9999 xx 000 0 und d aIT-RoPAU cIT-RoPAU aITALIANO aParaire Philippe gCodice Aut. SPICS: 38938 aCINEMA DE HOLLYWOOD (LE) gCodice Tit. Orig. Spics: T2670 aCinema di Hollywood (Il) bCinema di Hollywood (Il) a1a ed. aROMA bGremese c1990 [1° Ed.:1990 - Ed.Ling.Originale:1989] a"272 p. (prefazione: no ; testo: 272 [pagine: 0-0])" aTutto su Hollywood dal 1914 Ad Oggi: Film, Registi, Attori, Generi che Hanno Fatto di Hollywood la capitale Mondiale del Cinema. 75 registi e 100 Star Presentati in Schede biografiche Ordinate Alfabeticamente. 13 Generi Cinematografici: Film Comico, Melo, Dramma, Film D'Avventura, Film Storico, Western, Film Noir Classico, giallo Moderno, Film Fantastico e del Terrore, Film di Fantascienza, Musical, Film Erotico e Pornografico, Disegno Animato. indice di 1200 Film di Cui si parla nel Volume con Aneddoti, Curiosità€ e informazioni Varie. aSTORIA NAZIONALE DEL CINEMA eCodice materia Spics: 6809